The International Criminal Court: (Record no. 124)

MARC details
000 -LEADER
fixed length control field 006980000a22002050004500
003 - CONTROL NUMBER IDENTIFIER
control field LK-CoMWRAF
005 - DATE AND TIME OF LATEST TRANSACTION
control field 20240503105559.0
008 - FIXED-LENGTH DATA ELEMENTS--GENERAL INFORMATION
fixed length control field 230817t2000 ||||| |||| 00| 0 eng d
040 ## - CATALOGING SOURCE
Original cataloging agency LK-CoMWRAF
Modifying agency LK-CoMWRAF
Description conventions LK-CoMWRAF
041 ## - LANGUAGE CODE
Language code of text/sound track or separate title English
082 ## - DEWEY DECIMAL CLASSIFICATION NUMBER
Classification number 305.42
Item number INT
942 ## - ADDED ENTRY ELEMENTS (KOHA)
Koha item type Books
700 ## - ADDED ENTRY--PERSONAL NAME
Personal name Spees, Pam
Relator Term editor
-- compiler
700 ## - ADDED ENTRY--PERSONAL NAME
Personal name Nainar, Vahida
Relator Term compiler
245 ## - TITLE STATEMENT
Title The International Criminal Court:
Remainder of title the Beijing platform IN action-putting The ICC on the Beijing +5 agenda
260 ## - PUBLICATION, DISTRIBUTION, ETC. (IMPRINT)
Place of publication, distribution, etc. New York:
Name of publisher, distributor, etc. The Women's Caucus For Gender Justice,
Date of publication, distribution, etc. 2000
300 ## - PHYSICAL DESCRIPTION
Extent 34 p.
856 ## - ELECTRONIC LOCATION AND ACCESS
Uniform Resource Identifier <a href="http://iccwomen.org/wigjdraft1/Archives/oldWCGJ/resources/bplus5/bplus5index.html">http://iccwomen.org/wigjdraft1/Archives/oldWCGJ/resources/bplus5/bplus5index.html</a>
650 ## - SUBJECT ADDED ENTRY--TOPICAL TERM
Topical term or geographic name as entry element WOMEN'S RIGHTS
Holdings
Withdrawn status Lost status Damaged status Not for loan Permanent Location Current Location Date acquired Full call number Barcode Koha item type
        Resource center, Muslim Women's Research And Action Forum Resource center, Muslim Women's Research And Action Forum 2023-08-17 353 INT RAF3983 Books
        Resource center, Muslim Women's Research And Action Forum Resource center, Muslim Women's Research And Action Forum 2024-05-03 353 INT RAF4345 Books

Copyright © 2023 Muslim Women's Research and Action Forum (MWRAF), No 27/3, Anderson Road, Kalubowila, Dehiwela. Funded by The Asia Fundation